| 000 | 00516 a2200205 4500 | ||
|---|---|---|---|
| 003 | Nust | ||
| 005 | 20170207154040.0 | ||
| 020 | _a0-7645-6852-3 | ||
| 020 | _a978-0-7645-6852-7 | ||
| 035 | _a(OCoLC)249684428 | ||
| 035 | _a(OCoLC)ocn249684428 | ||
| 040 | _cNust | ||
| 082 | 0 | 0 | _a005.133 |
| 100 | 1 | _aDavis, Stephen R. | |
| 245 | 1 | 0 |
_aC++ for dummies(E-BOOK) _cStephen Randy Davis. |
| 250 | _a5. ed. | ||
| 260 |
_aIndianapolis, Ind. : _bWiley, _c2004. |
||
| 300 |
_aXIV, 418 S : _bIll + _e1 CD-ROM. |
||
| 651 | _aE-BOOK | ||
| 942 |
_2ddc _cBK |
||
| 999 |
_c192597 _d192597 |
||